Energetický audit výrobného podniku + CD-ROM

Saved in:
Bibliographic Details
Main Author: Cebuľa, Marián
Format: Book
Language:Slovak
Published: Bratislava STU v Bratislave 2005
Online Access:View in OPAC
Tags: Add Tag
No Tags, Be the first to tag this record!

MARC

LEADER 00000nam a2200000 a 4500
005 20260127133949.0
008 050711 2005 xo 000 0 slo d
035 |a vtls008183352 
039 9 |y 200507110913  |z mschk03 
040 |a STUSCHK1  |b slo  |c STUSCHK1  |e AACR2 
100 1 |a Cebuľa, Marián 
245 1 |a Energetický audit výrobného podniku  |b + CD-ROM 
260 |a Bratislava  |b STU v Bratislave  |c 2005 
300 |a 57 s. 
500 |a Obháj.: 7.6. 2005 
500 |a Špec.: Bezpečnostné inžinierstvo 
910 |a SCHK95 
999 |c 1008  |d 1008